[Event "Sparkassen Open A"]
[Site "Dortmund GER"]
[Date "2011.07.26"]
[Round "4.3"]
[White "Quast, Marcel"]
[Black "De Schampheleire, Glen"]
[Result "1/2-1/2"]
[BlackTitle "FM"]
[WhiteElo "2173"]
[BlackElo "2263"]
[WhiteFideId "24663476"]
[BlackFideId "208701"]
[EventDate "2011.07.23"]

1. e4 c5 2. d4 cxd4 3. c3 Nf6 4. e5 Nd5 5. Nf3 e6 6. cxd4 d6 7. Nc3 Nxc3 8. bxc3
Qc7 9. Bd2 Nd7 10. Bb5 a6 11. Bxd7+ Bxd7 12. O-O Be7 13. exd6 Bxd6 14. Re1 O-O
15. Ne5 Bc8 16. Qh5 f6 17. Nd3 Bd7 18. Re4 Qc4 19. Nb2 Qb5 20. Qxb5 axb5 21. Nd3
Ra3 22. Re2 Rfa8 23. Be3 Kf7 24. Rb2 R8a4 25. Bd2 Bc6 26. Nb4 Bxb4 27. Rxb4 Rxa2
28. Rxa4 Rxa4 29. Rc1 Ke7 30. f3 Ra2 31. Bf4 g5 32. Bc7 h5 33. Bb6 Kd7 34. Bc5
Bd5 35. h3 g4 36. hxg4 hxg4 37. fxg4 Rxg2+ 38. Kf1 Rxg4 39. Re1 Rg3 40. Bb4 Ke8
41. Kf2 Rh3 42. Rg1 Kf7 43. Rg3 Rh2+ 44. Ke3 Bc4 45. Bd6 Rc2 46. Kf4 Bd5 47. Re3
Rf2+ 48. Kg4 Kg6 49. Rg3 Bc4 50. Re3 Bd5 51. Rg3 Be4 52. Re3 Bf5+ 53. Kh4 Rf1
54. Rg3+ Kf7 55. Re3 Ke8 56. Kg3 Kd7 57. Bb4 Rh1 58. Rf3 Rh3+ 59. Kg2 Rxf3 60.
Kxf3 e5 61. dxe5 fxe5 62. Ke3 Ke6 63. Kd2 Kd5 64. Ke3 Kc4 65. Kd2 e4 66. Ke3 b6
67. Ke2 Bd7 68. Ke3 Bc6 69. Kd2 Kb3 70. Ke3 Kc2 71. Kd4 Bb7 72. Bd6 e3 73. Kxe3
Kxc3 74. Bc7 b4 1/2-1/2

[Event "Sparkassen Open A"]
[Site "Dortmund GER"]
[Date "2011.07.26"]
[Round "4.6"]
[White "Pueschel, Werner"]
[Black "Mundorf, Johannes"]
[Result "0-1"]
[WhiteElo "2163"]
[BlackElo "2024"]
[WhiteFideId "4647025"]
[BlackFideId "24672491"]
[EventDate "2011.07.23"]

1. e4 e6 2. d3 d5 3. Nd2 Nf6 4. c3 dxe4 5. dxe4 e5 6. Ngf3 Nbd7 7. Qc2 b6 8. Bc4
Bd6 9. O-O Bb7 10. Re1 O-O 11. Nf1 a6 12. a4 b5 13. axb5 axb5 14. Rxa8 Qxa8 15.
Bd3 Nc5 16. Ng3 h6 17. Nd2 b4 18. f3 Nxd3 19. Qxd3 Bc5+ 20. Kh1 Rd8 21. Qc2 bxc3
22. bxc3 Ba6 23. c4 Qc6 24. Nf5 Bb4 25. g3 Kh7 26. Ne3 Rd4 27. Re2 Bxd2 28. Rxd2
Rxd2 29. Bxd2 Qc5 30. Qc3 Nd7 31. Qa5 Qd4 32. Qd5 Nb6 33. Qxf7 Qxd2 34. Nf5 Qd7
35. Ne7 Bxc4 36. Qg6+ Kh8 37. Nf5 Qd1+ 0-1

[Event "Sparkassen Open A"]
[Site "Dortmund GER"]
[Date "2011.07.26"]
[Round "4.7"]
[White "Kirsanova, Ekaterina"]
[Black "Eigemann, Frederik"]
[Result "1-0"]
[WhiteTitle "WFM"]
[WhiteElo "2157"]
[BlackElo "1976"]
[WhiteFideId "4168810"]
[BlackFideId "24692034"]
[EventDate "2011.07.23"]

1. c4 c5 2. Nf3 b6 3. Nc3 Bb7 4. d3 Nf6 5. e4 d6 6. g3 e6 7. Bg2 Be7 8. O-O O-O
9. Ne1 Nfd7 10. f4 Nc6 11. Nf3 a6 12. Be3 Rb8 13. Qd2 Bc8 14. a4 Re8 15. f5 Nde5
16. Nxe5 dxe5 17. Rad1 Nd4 18. fxe6 fxe6 19. Rf2 Bd7 20. Rdf1 Rf8 21. h4 Rxf2
22. Qxf2 Qe8 23. Bh3 Qg6 24. Qg2 Rf8 25. Rxf8+ Kxf8 26. Kh2 h6 27. Nd5 Bd8 28.
Nc3 Qf6 29. Bg4 Be8 30. Bd1 Bc7 31. Nb1 Nc6 32. b3 Nb4 33. Qe2 Qd8 34. Qf1+ Kg8
35. Be2 Qf6 36. Qxf6 gxf6 37. Bxh6 Bg6 38. Nd2 Nc2 39. Nf3 Na1 40. Bd1 f5 41.
Ng5 Bd6 42. h5 Be8 43. Nh3 Bc6 44. Nf2 f4 45. Nh3 Be8 46. gxf4 exf4 47. Bxf4
Bxf4+ 48. Nxf4 Bd7 49. e5 Kg7 50. Kg3 Kh6 51. Kh4 Bc8 52. Nh3 Bd7 53. Nf2 Bc8
54. Ng4+ Kg7 55. Kg5 Kh7 56. h6 Kg8 57. Nf6+ Kh8 58. Kg6 1-0

[Event "Sparkassen Open A"]
[Site "Dortmund GER"]
[Date "2011.07.26"]
[Round "4.10"]
[White "Rott, Georg"]
[Black "Albers, Damian"]
[Result "0-1"]
[WhiteElo "2223"]
[BlackElo "2091"]
[WhiteFideId "4633393"]
[BlackFideId "4695186"]
[EventDate "2011.07.23"]

1. e4 Nc6 2. d4 d5 3. Nc3 e5 4. Bb5 dxe4 5. d5 a6 6. Ba4 b5 7. Nxb5 axb5 8. Bxb5
Ne7 9. dxc6 Qxd1+ 10. Kxd1 Be6 11. c4 Nf5 12. b3 O-O-O+ 13. Kc2 Bc5 14. Nh3 Nd4+
15. Kb1 Nxb5 16. cxb5 Bxh3 17. gxh3 Bxf2 18. a4 e3 19. Ra2 Rd3 20. Rb2 Rhd8 21.
Rf1 f6 22. b4 Rd1 23. Rxd1 Rxd1 24. Re2 Rd4 25. Bxe3 Bxe3 26. Rxe3 Rxb4+ 27. Kc2
Rxa4 28. Rb3 Kb8 29. Kd3 Ka7 30. b6+ cxb6 31. c7 Kb7 32. Rxb6+ Kxc7 33. Rb2 g6
34. Ke3 Rh4 35. Ra2 f5 36. Kf3 Rxh3+ 37. Kg2 Rb3 38. Ra8 Kc6 39. Rd8 e4 40. Kf2
Rh3 41. Kg2 Rd3 42. Rc8+ Kd6 43. Rh8 Ke5 44. Rxh7 g5 45. h4 g4 46. h5 Kf4 47. h6
Rd2+ 48. Kg1 Kg3 49. Kf1 Rh2 50. Rh8 f4 51. h7 f3 52. Ke1 e3 0-1

[Event "Sparkassen Open A"]
[Site "Dortmund GER"]
[Date "2011.07.26"]
[Round "4.11"]
[White "Aulich, Marcell"]
[Black "Steinle, Carsten"]
[Result "1/2-1/2"]
[WhiteElo "2086"]
[BlackElo "2146"]
[WhiteFideId "24631981"]
[BlackFideId "24676462"]
[EventDate "2011.07.23"]

1. e4 e6 2. d4 d5 3. Nd2 Nf6 4. e5 Nfd7 5. c3 b6 6. f4 c5 7. Ndf3 Be7 8. a3 a5
9. Ne2 Ba6 10. Qc2 g6 11. h4 h5 12. Ng5 Nf8 13. g3 Nc6 14. Be3 Rc8 15. dxc5 Bxc5
16. Bxc5 bxc5 17. O-O-O Qb6 18. g4 Bc4 19. Qd2 a4 20. gxh5 Na5 21. Kb1 Bb3 22.
Nc1 Bxd1 23. Qxd1 Rxh5 24. Qxa4+ Ke7 25. Be2 Rb8 26. b4 Rh8 27. h5 gxh5 28. f5
exf5 29. Nd3 cxb4 30. axb4 Nc6 31. Nf4 Nxb4 32. Qb3 Qe3 33. Nxd5+ Nxd5 34. Qxb8
Nxc3+ 35. Ka1 Rh6 36. Qb4+ Ke8 37. Qb8+ Ke7 38. Qb4+ Ke8 39. Qb8+ 1/2-1/2

[Event "Sparkassen Open A"]
[Site "Dortmund GER"]
[Date "2011.07.26"]
[Round "4.12"]
[White "Steinmetzer, Thomas"]
[Black "Beutelhoff, Josef"]
[Result "1/2-1/2"]
[WhiteElo "2083"]
[BlackElo "2128"]
[WhiteFideId "4689690"]
[BlackFideId "4621336"]
[EventDate "2011.07.23"]

1. e4 e6 2. d4 d5 3. Nc3 Bb4 4. e5 b6 5. f4 Ne7 6. Nf3 h5 7. Bd3 Ba6 8. Bxa6
Nxa6 9. Qd3 Nb8 10. O-O c5 11. Ne2 c4 12. Qd1 Nf5 13. g3 Nc6 14. h3 Be7 15. c3
b5 16. Kg2 g6 17. Rh1 a5 18. g4 Ng7 19. a3 Qd7 20. Bd2 a4 21. Qc2 O-O-O 22. Ng3
Rdg8 23. Rae1 Bd8 24. Kf2 Kb7 25. Ke2 Ka6 26. Kd1 Na5 27. Kc1 Nb3+ 28. Kb1 Kb6
29. Be3 Ka6 30. Reg1 Na5 31. Nf1 Rh7 32. Rh2 Nc6 33. Rgh1 Rhh8 34. Bf2 Ka5 35.
Ne3 Ka6 36. Bh4 Bxh4 37. Nxh4 Ne7 38. Rf1 Kb6 39. Qf2 Kc6 40. f5 hxg4 41. hxg4
gxf5 42. gxf5 Nexf5 43. Nhxf5 Rxh2 44. Qxh2 Nxf5 45. Nxf5 exf5 46. Qh5 Rg6 47.
Rxf5 Qe6 48. Qf3 f6 49. exf6 Rg3 50. Qf2 Rg2 51. Qf3 Rg3 52. Qxg3 Qxf5+ 53. Ka2
Qxf6 54. Qb8 Qf7 55. Qa8+ Qb7 56. Qf8 Qd7 57. Kb1 Kb7 58. Kc2 Qh7+ 59. Kc1 Qh1+
60. Kc2 Qh2+ 61. Kc1 Qh1+ 62. Kc2 Qh7+ 1/2-1/2

[Event "Sparkassen Open A"]
[Site "Dortmund GER"]
[Date "2011.07.26"]
[Round "4.14"]
[White "Bramkamp, Rainer"]
[Black "Zimmermann, Dirk"]
[Result "1/2-1/2"]
[WhiteElo "2115"]
[BlackElo "2075"]
[WhiteFideId "4667298"]
[BlackFideId "4677498"]
[EventDate "2011.07.23"]

1. d4 Nf6 2. Nf3 g6 3. g3 Bg7 4. Bg2 O-O 5. O-O d5 6. Nbd2 c6 7. c4 e6 8. Qc2
Nbd7 9. b3 Re8 10. Bb2 Nh5 11. e4 f5 12. exf5 exf5 13. cxd5 cxd5 14. Rfe1 Ndf6
15. Rxe8+ Nxe8 16. Ne5 Be6 17. f4 Rc8 1/2-1/2

[Event "Sparkassen Open A"]
[Site "Dortmund GER"]
[Date "2011.07.26"]
[Round "4.15"]
[White "Fluechter, Gregor"]
[Black "Linker, Walter"]
[Result "1/2-1/2"]
[WhiteElo "1832"]
[BlackElo "2112"]
[WhiteFideId "12903396"]
[BlackFideId "24619280"]
[EventDate "2011.07.23"]

1. e4 e5 2. Nf3 Nc6 3. Bc4 Be7 4. d4 d6 5. dxe5 Nxe5 6. Nxe5 dxe5 7. Qxd8+ Bxd8
8. O-O Ne7 9. Bg5 f6 10. Be3 Nc6 11. Nc3 Na5 12. Bb3 c6 1/2-1/2

[Event "Sparkassen Open A"]
[Site "Dortmund GER"]
[Date "2011.07.26"]
[Round "4.17"]
[White "Begna, Bozidar"]
[Black "Maniocha, Marek"]
[Result "1-0"]
[WhiteElo "2102"]
[BlackElo "2052"]
[WhiteFideId "4633555"]
[BlackFideId "4636821"]
[EventDate "2011.07.23"]

1. e4 c5 2. Nf3 e6 3. c3 d5 4. exd5 Qxd5 5. d4 Nc6 6. Na3 Bd7 7. Nb5 O-O-O 8.
Be2 cxd4 9. cxd4 e5 10. dxe5 Qxd1+ 11. Bxd1 Bb4+ 12. Nc3 Bg4 13. Bf4 Nge7 14.
O-O Ng6 15. Bg5 Rd7 16. Rc1 h6 17. Be3 Rhd8 18. h3 Bxc3 19. bxc3 Bxf3 20. Bxf3
Ngxe5 21. Be4 Kb8 22. Rb1 Rd6 23. Rb5 Rd1 24. Bf4 a6 25. Bxe5+ Nxe5 26. Rxe5
R1d7 27. c4 Rd4 28. Bd5 b5 29. Rb1 Kc7 30. Bxf7 bxc4 31. Rc5+ Kd6 32. Rxc4 Rd2
33. Rb6+ Ke5 34. Re6+ Kf5 35. g4+ Kg5 36. Rc5+ 1-0

[Event "Sparkassen Open A"]
[Site "Dortmund GER"]
[Date "2011.07.26"]
[Round "4.18"]
[White "Evers, Leo"]
[Black "Richters, Marc"]
[Result "0-1"]
[WhiteElo "2101"]
[BlackElo "1969"]
[WhiteFideId "4633490"]
[BlackFideId "24612332"]
[EventDate "2011.07.23"]

1. d4 Nf6 2. c4 d6 3. Nc3 g6 4. e4 Bg7 5. f3 O-O 6. Be3 e5 7. Nge2 Nc6 8. d5 Ne7
9. Qd2 Ne8 10. g4 f5 11. gxf5 gxf5 12. O-O-O Ng6 13. Bg5 Bf6 14. Bh6 Bg7 15.
Bxg7 Nxg7 16. h4 fxe4 17. fxe4 Bg4 18. Bh3 Bf3 19. h5 Nxh5 20. Qh6 Bxh1 21. Be6+
Kh8 22. Rxh1 Qe7 23. Qxh5 Rf6 24. Nd1 Raf8 25. Ne3 c6 26. Ng3 Nf4 27. Qh2 Nd3+
28. Kb1 Rf2 29. Qh3 Rxb2+ 30. Ka1 Rff2 31. Nd1 Rxa2+ 32. Kb1 Qc7 33. Qxh7+ Qxh7
34. Rxh7+ Kxh7 35. Nxf2 Rxf2 36. Nf5 Rxf5 37. Bxf5+ Kg7 38. Bc8 cxd5 39. Bxb7
dxc4 40. Kc2 Nc5 41. Bd5 Kf6 42. Kc3 Kg5 43. Kxc4 Kf4 44. Kb5 Nxe4 45. Kc6 Nc3 0-1

[Event "Sparkassen Open A"]
[Site "Dortmund GER"]
[Date "2011.07.26"]
[Round "4.20"]
[White "Sehn, Norbert"]
[Black "Kartsev, Soel"]
[Result "0-1"]
[WhiteElo "2083"]
[BlackElo "2182"]
[WhiteFideId "4695003"]
[BlackFideId "4130561"]
[EventDate "2011.07.23"]

1. d4 d5 2. Nf3 Nf6 3. e3 Bg4 4. c4 e6 5. Nc3 c6 6. Qb3 Qb6 7. Qxb6 axb6 8. Ne5
Bf5 9. Be2 dxc4 10. Bxc4 b5 11. Bd3 Bxd3 12. Nxd3 Nbd7 13. b3 Ba3 14. Ke2 O-O
15. f3 Nd5 16. Nb1 Bd6 17. e4 Nb4 18. Nxb4 Bxb4 19. Rd1 Ra6 20. a3 Rfa8 21. Ra2
h6 22. Rc2 Be7 23. d5 exd5 24. exd5 c5 25. Nc3 Rb6 26. Ne4 Bd6 27. Be3 Bxh2 28.
Nxc5 Rd6 29. Nxb7 Rg6 30. g4 Rxa3 31. b4 f5 32. Rc6 Nf6 33. g5 hxg5 34. Rc8+ Kh7
35. d6 g4 36. Rf1 f4 37. Bd4 gxf3+ 38. Rxf3 Rg2+ 39. Rf2 Ra2+ 40. Kd3 Rg3+ 0-1

[Event "Sparkassen Open A"]
[Site "Dortmund GER"]
[Date "2011.07.26"]
[Round "4.21"]
[White "Zwielich, Frank"]
[Black "Mazarov, Juergen"]
[Result "1/2-1/2"]
[WhiteElo "2056"]
[BlackElo "2172"]
[WhiteFideId "12916846"]
[BlackFideId "24617768"]
[EventDate "2011.07.23"]

1. d4 Nf6 2. Nf3 d5 3. Bf4 c5 4. e3 g6 5. dxc5 Qa5+ 6. Nbd2 Qxc5 7. c4 Nc6 8.
Rc1 d4 9. exd4 Nxd4 10. a3 Bg7 11. b4 Qf5 12. Be3 Nxf3+ 13. Nxf3 Ng4 14. Bd4 e5
15. Bd3 Qf4 16. Bc3 O-O 17. Bd2 Qf6 18. O-O Qd6 19. Qe2 Re8 20. c5 Qc7 21. h3
Nh6 22. Nd4 a6 23. Nc2 f5 24. Ne3 Be6 25. Nc4 e4 26. Bb1 Nf7 27. Bc3 Bxc3 28.
Rxc3 Rad8 29. Rcc1 Rd4 30. Rfd1 Red8 31. Ba2 Qd7 32. Nd6 1/2-1/2

[Event "Sparkassen Open A"]
[Site "Dortmund GER"]
[Date "2011.07.26"]
[Round "4.22"]
[White "Wittenberg, Andreas"]
[Black "Schmidt, Kai-Uwe"]
[Result "1-0"]
[WhiteElo "2166"]
[BlackElo "2050"]
[WhiteFideId "24678155"]
[BlackFideId "4608755"]
[EventDate "2011.07.23"]

1. d4 Nf6 2. Nf3 g6 3. g3 Bg7 4. Bg2 O-O 5. O-O d6 6. b3 a5 7. Bb2 c6 8. Re1 Ne4
9. Nbd2 f5 10. c4 c5 11. Qc2 Nxd2 12. Qxd2 cxd4 13. Nxd4 Na6 14. e4 fxe4 15.
Bxe4 Bxd4 16. Qxd4 e5 17. Bd5+ Kg7 18. Qe3 Nb4 19. Be4 g5 20. Rad1 Qf6 21. c5 d5
22. Bxd5 Nc2 23. Qe2 1-0

[Event "Sparkassen Open A"]
[Site "Dortmund GER"]
[Date "2011.07.26"]
[Round "4.23"]
[White "Weber, Martin"]
[Black "Luncescu, Christian"]
[Result "0-1"]
[WhiteElo "2033"]
[BlackElo "2163"]
[WhiteFideId "12901369"]
[BlackFideId "4648935"]
[EventDate "2011.07.23"]

1. d4 Nf6 2. Nf3 g6 3. Nc3 d5 4. Bf4 Bg7 5. e3 O-O 6. Be2 c5 7. Ne5 cxd4 8. exd4
Nc6 9. O-O Bf5 10. Nxc6 bxc6 11. Be5 Ne4 12. Nxe4 Bxe5 13. Nc5 Bg7 14. Bg4 Bxg4
15. Qxg4 e5 16. dxe5 Bxe5 17. c3 Bxh2+ 18. Kh1 Bd6 19. Nd7 f5 0-1

[Event "Sparkassen Open A"]
[Site "Dortmund GER"]
[Date "2011.07.26"]
[Round "4.24"]
[White "Peter, Sebastian"]
[Black "Baumhackel, Mario"]
[Result "1/2-1/2"]
[WhiteElo "1974"]
[BlackElo "2157"]
[WhiteFideId "24643521"]
[BlackFideId "4636953"]
[EventDate "2011.07.23"]

1. e4 d5 2. exd5 Qxd5 3. Nc3 Qa5 4. d4 c6 5. Nf3 Nf6 6. Ne5 Bf5 7. Bd3 Bxd3 8.
Qxd3 e6 9. O-O Nbd7 10. Bf4 Nxe5 11. Bxe5 Be7 12. Qg3 Rg8 13. a3 Nd7 14. b4 Qd8
15. Bc7 Bh4 16. Qd6 Be7 17. Qg3 Bh4 18. Qd6 Be7 19. Qg3 1/2-1/2

[Event "Sparkassen Open A"]
[Site "Dortmund GER"]
[Date "2011.07.26"]
[Round "4.25"]
[White "Hillebrand, Carsten"]
[Black "Freise, Eckhard"]
[Result "0-1"]
[WhiteElo "2145"]
[BlackElo "2032"]
[WhiteFideId "12905950"]
[BlackFideId "4652193"]
[EventDate "2011.07.23"]

1. c4 f5 2. g3 g6 3. Bg2 Bg7 4. Nc3 a5 5. e4 fxe4 6. Nxe4 Nh6 7. d4 Nf5 8. Ne2
Nc6 9. d5 Ne5 10. Qc2 O-O 11. h3 d6 12. O-O Bd7 13. a4 Qc8 14. Ng5 h6 15. Ne6
Bxe6 16. dxe6 Nc6 17. Bxc6 bxc6 18. Qe4 g5 19. f4 d5 20. cxd5 Nd6 21. Qg2 cxd5
22. fxg5 Rxf1+ 23. Qxf1 Qxe6 24. gxh6 Rf8 25. Qg2 Bd4+ 26. Nxd4 Qe1+ 27. Kh2 Rf2
28. Nb5 Rxg2+ 29. Kxg2 Ne4 0-1

[Event "Sparkassen Open A"]
[Site "Dortmund GER"]
[Date "2011.07.26"]
[Round "4.26"]
[White "Koke, Christoph"]
[Black "Puetter, Pascal"]
[Result "1-0"]
[WhiteElo "2131"]
[BlackElo "1965"]
[WhiteFideId "4693213"]
[BlackFideId "1271567"]
[EventDate "2011.07.23"]

1. d4 e6 2. c4 Nf6 3. g3 Bb4+ 4. Bd2 Qe7 5. Nf3 Nc6 6. Nc3 d6 7. Bg2 O-O 8. O-O
h6 9. Rc1 a6 10. Rc2 e5 11. Nd5 Nxd5 12. cxd5 Bxd2 13. Qxd2 Nxd4 14. Nxd4 exd4
15. Qxd4 Bf5 16. e4 Bg6 17. Rfc1 Rac8 18. Rc4 f5 19. Bh3 Qf7 20. Qe3 fxe4 21.
Be6 1-0

[Event "Sparkassen Open A"]
[Site "Dortmund GER"]
[Date "2011.07.26"]
[Round "4.27"]
[White "Ditmas, Hugh"]
[Black "Kropp, Andreas Juergen"]
[Result "0-1"]
[WhiteElo "1912"]
[BlackElo "2126"]
[WhiteFideId "1270666"]
[BlackFideId "1271711"]
[EventDate "2011.07.23"]

1. d4 Nf6 2. c4 g6 3. Nc3 Bg7 4. e4 O-O 5. Be2 d6 6. Nf3 e5 7. O-O Nc6 8. d5 Ne7
9. Ne1 Nd7 10. f3 f5 11. g4 Kh8 12. Nd3 Ng8 13. gxf5 gxf5 14. Kh1 Ndf6 15. Rg1
Bh6 16. c5 Bd7 17. cxd6 cxd6 18. Qb3 Qb6 19. Qxb6 axb6 20. a3 Rac8 21. Nf2 Bxc1
22. Raxc1 Ne7 23. Bb5 Rxc3 24. Rxc3 Bxb5 25. Rc7 Ng6 26. exf5 Nh4 27. Ne4 Nxd5
28. Rxb7 Bc6 29. Ra7 Nxf5 30. Rg5 Nf4 31. Rc7 Bxe4 32. fxe4 Ne6 33. Rxf5 Rxf5
34. Rc6 Rf1+ 35. Kg2 Rd1 36. Rxb6 Nc5 37. Kf3 Rf1+ 38. Ke2 Rh1 39. Rxd6 Rxh2+
40. Ke3 Rxb2 41. Rd5 Rb3+ 42. Ke2 Nxe4 43. Rxe5 Ng3+ 44. Kf2 Rxa3 45. Kg2 h6 46.
Re7 Nh5 47. Rf7 Kg8 48. Rb7 Nf6 49. Rc7 h5 50. Rb7 h4 51. Rb4 Rg3+ 52. Kh1 Ng4
53. Rb7 Nf6 54. Kh2 Ne4 55. Re7 Ng5 56. Rb7 Nf3+ 0-1

[Event "Sparkassen Open A"]
[Site "Dortmund GER"]
[Date "2011.07.26"]
[Round "4.28"]
[White "Hagedorn, Alfons"]
[Black "Topp, Michael"]
[Result "1-0"]
[WhiteElo "1958"]
[BlackElo "2102"]
[WhiteFideId "24651508"]
[BlackFideId "4689445"]
[EventDate "2011.07.23"]

1. e4 c5 2. Nf3 e6 3. d3 Nc6 4. g3 g6 5. Bg2 Bg7 6. O-O Nge7 7. c3 O-O 8. Be3 d6
9. Na3 b6 10. Qd2 d5 11. exd5 Nxd5 12. Bh6 Ba6 13. Bxg7 Kxg7 14. Nc4 Qc7 15.
Rfe1 Rad8 16. Qg5 h6 17. Qh4 Qe7 18. Qe4 Qf6 19. Nce5 Nxe5 20. Nxe5 Ne7 21. Qa4
Bxd3 22. Qxa7 Nc8 23. Qb7 Qe7 24. Qf3 Qf6 25. Qb7 Qe7 26. Qf3 Qf6 27. Qb7 Bb5
28. a4 Be8 29. Qf3 Qxf3 30. Bxf3 f6 31. Nc4 Bf7 32. a5 b5 33. Nb6 Na7 34. Rad1
h5 35. Nd7 Rfe8 36. Nxc5 e5 37. Rxd8 Rxd8 38. Rd1 Rxd1+ 39. Bxd1 Bd5 40. Bb3 Bf3
41. Ne6+ Kh6 42. Nc7 Kg5 43. h4+ Kg4 44. Be6+ f5 45. Nd5 Nc6 46. a6 e4 47. Ne3+
Kh3 48. Bd5 Ne5 49. a7 g5 50. hxg5 f4 51. Be6+ Bg4 52. Nxg4 Nf3+ 53. Kf1 e3 54.
Nxe3+ Kh2 55. gxf4 h4 56. Ng4+ Kh1 57. Bd5 b4 58. Bxf3# 1-0

[Event "Sparkassen Open A"]
[Site "Dortmund GER"]
[Date "2011.07.26"]
[Round "4.30"]
[White "Neuer, Thomas"]
[Black "Simon, Thomas"]
[Result "1-0"]
[WhiteElo "2096"]
[BlackElo "1963"]
[WhiteFideId "24604089"]
[BlackFideId "24645990"]
[EventDate "2011.07.23"]

1. Nf3 c5 2. c4 g6 3. g3 Bg7 4. Bg2 Nc6 5. Nc3 e6 6. d4 cxd4 7. Nb5 d5 8. cxd5
Qa5+ 9. Nd2 Qxb5 10. a4 Qb6 11. dxc6 bxc6 12. Nc4 Qb4+ 13. Bd2 Qxc4 14. Rc1 Qa2
15. Bxc6+ Bd7 16. Bxa8 Ne7 17. Bf3 Qxb2 18. O-O d3 19. exd3 Nf5 20. Rb1 Qd4 21.
Rb8+ Ke7 22. Rb4 Qd6 23. Rb7 Bd4 24. Bb4 Bc5 25. Bxc5 Qxc5 26. Qc1 Qd6 27. Qc7
Nd4 28. Qxd6+ Kxd6 29. Bg2 a5 30. Ra1 h5 31. h4 Rc8 32. Rb6+ Ke7 33. Re1 Rc7 34.
Re4 Nf5 35. Rc4 Ra7 36. Rf4 Nd6 37. d4 Nc4 38. Rb8 Nd6 39. d5 e5 40. Rf3 Bxa4
41. Re3 f6 42. f4 Nf5 43. Re1 Nxg3 44. fxe5 fxe5 45. Rxe5+ Kd6 46. Re6+ Kc5 47.
Rxg6 Ne2+ 48. Kf2 Nf4 49. Rg5 Nxg2 50. Kxg2 Bd1 51. Rc8+ Kd4 52. d6 Bg4 53. Rc7
Ra6 54. d7 Rd6 55. Rg7 Ke3 56. Kg3 a4 57. Ra7 Kd2 58. Rxg4 hxg4 59. Kxg4 a3 60.
h5 Kc2 61. h6 1-0

[Event "Sparkassen Open A"]
[Site "Dortmund GER"]
[Date "2011.07.26"]
[Round "4.31"]
[White "Andersen, Knut"]
[Black "Schuetzhold, Frank"]
[Result "1-0"]
[WhiteElo "2093"]
[BlackElo "1908"]
[WhiteFideId "4672666"]
[BlackFideId "4624980"]
[EventDate "2011.07.23"]

1. c4 e6 2. g3 c5 3. Bg2 Nc6 4. Nc3 g6 5. Rb1 Nge7 6. Ne4 Nf5 7. b3 d6 8. h4 Bg7
9. h5 Rb8 10. Nf3 Qc7 11. g4 Nfd4 12. e3 Nxf3+ 13. Qxf3 f5 14. gxf5 gxf5 15. h6
Be5 16. Qh5+ Qf7 17. f4 fxe4 18. fxe5 Qxh5 19. Rxh5 Nxe5 20. Bxe4 Ng4 21. Bf3
Nf6 22. Rh1 Rg8 23. d4 b6 24. Bb2 Rg6 25. Ke2 Bb7 26. Rbg1 Bxf3+ 27. Kxf3 Kf7
28. dxc5 bxc5 29. e4 e5 30. Rxg6 hxg6 31. Bc1 Kg8 32. Bg5 Rf8 33. Rd1 Ne8+ 34.
Ke3 Rf7 35. Rd2 Kh7 36. Rf2 Kg8 37. Rxf7 Kxf7 38. a3 Nc7 39. b4 cxb4 40. axb4 a6
41. Be7 Ne8 42. Kd3 1-0

[Event "Sparkassen Open A"]
[Site "Dortmund GER"]
[Date "2011.07.26"]
[Round "4.32"]
[White "Henkemeier, Michael"]
[Black "Merkel, Markus"]
[Result "1/2-1/2"]
[WhiteElo "1917"]
[BlackElo "2197"]
[WhiteFideId "24611379"]
[BlackFideId "4675657"]
[EventDate "2011.07.23"]

1. d4 d6 2. Nf3 Nf6 3. c4 g6 4. Nc3 Bf5 5. h3 Bg7 6. Bf4 O-O 7. e3 Ne4 8. Nxe4
Bxe4 9. Be2 c5 10. O-O cxd4 11. exd4 Qb6 12. Nd2 Bf5 13. Nb3 a5 14. Be3 d5 15.
c5 Qc7 16. a4 Nc6 17. Rc1 Rad8 18. Qd2 Rfe8 19. Bb5 Ra8 20. Rfe1 Qd8 21. Bf4 Bd7
22. Re2 f6 23. Rce1 Kf7 1/2-1/2

[Event "Sparkassen Open A"]
[Site "Dortmund GER"]
[Date "2011.07.26"]
[Round "4.33"]
[White "Eckert, Marius"]
[Black "Kuznetsov, Mark"]
[Result "0-1"]
[WhiteElo "1894"]
[BlackElo "2184"]
[WhiteFideId "12922234"]
[BlackFideId "24648019"]
[EventDate "2011.07.23"]

1. e4 c5 2. Nf3 e6 3. d4 cxd4 4. Nxd4 a6 5. Nc3 Qc7 6. Bd3 b5 7. O-O Bb7 8. Be3
Nf6 9. f3 d6 10. Qe1 Nbd7 11. Qg3 Rc8 12. Rad1 d5 13. exd5 Qxg3 14. hxg3 Nxd5
15. Nxd5 Bxd5 16. Nb3 Ne5 17. Be2 Rxc2 18. Rf2 Rc8 19. f4 Nc4 20. Bd4 Be7 21.
Bg4 f5 22. Bxg7 Rg8 23. Bh5+ Kd7 24. Bd4 Rxg3 25. Kh2 Rcg8 26. Rg1 Ne3 27. Bf3
Bxf3 28. Bxe3 Bd5 0-1

[Event "Sparkassen Open A"]
[Site "Dortmund GER"]
[Date "2011.07.26"]
[Round "4.34"]
[White "Meyer, Michael"]
[Black "Schmitz, Tim"]
[Result "1/2-1/2"]
[WhiteElo "2083"]
[BlackElo "1934"]
[WhiteFideId "12926744"]
[BlackFideId "1270221"]
[EventDate "2011.07.23"]

1. d4 Nf6 2. c4 g6 3. Nc3 Bg7 4. Bf4 O-O 5. Nf3 d6 6. Rc1 Nbd7 7. e4 c6 8. Bd3
Re8 9. d5 Nc5 10. b4 Nxd3+ 11. Qxd3 Nh5 12. Be3 a5 13. b5 c5 14. h3 f5 15. exf5
Bxf5 16. Ne4 Nf6 17. Nfd2 e6 18. g4 Bxe4 19. Nxe4 Nxe4 20. Qxe4 e5 21. Rc3 Rf8
22. h4 Qe8 23. Rh3 b6 24. Bc1 Rf4 25. Bxf4 exf4 26. Qxe8+ Rxe8+ 27. Kd2 Bxc3+
28. Kxc3 Re2 29. Rf3 Re4 30. a4 Kg7 31. g5 Kf7 32. Kd3 Rd4+ 33. Kc3 Re4 34. Rd3
Kg7 35. Rf3 1/2-1/2

[Event "Sparkassen Open A"]
[Site "Dortmund GER"]
[Date "2011.07.26"]
[Round "4.35"]
[White "Chapman, Alan D"]
[Black "Henkemeier, Markus"]
[Result "1-0"]
[WhiteElo "2043"]
[BlackElo "1895"]
[WhiteFideId "406937"]
[BlackFideId "1271859"]
[EventDate "2011.07.23"]

1. e4 c6 2. Nf3 d5 3. Nc3 dxe4 4. Nxe4 Nf6 5. Ng3 Bg4 6. Bc4 e6 7. h3 Bxf3 8.
Qxf3 Nbd7 9. Qe2 Nb6 10. Bb3 Be7 11. O-O O-O 12. Re1 Re8 13. d3 Bd6 14. Nf1 Nbd5
15. Qf3 h6 16. c4 Ne7 17. Bxh6 Nf5 18. Bg5 Nd4 19. Qd1 Qa5 20. Bxf6 gxf6 21.
Qg4+ 1-0